000 00684nam a22002417a 4500
003 UA-OsUOA
001 28813
007 ta
008 20050510b un ||||| |||| 00| 0 ukr d
090 _a821.161.2
_bМ14
942 _cBK
040 _aUA-OsUOA
_bukr
_cUA-OsUOA
_dUA-OsUOA
245 _aМайстер драми: Драматичні твори І. Карпенка-Карого
_bНавчальний посібник
_cУпоряд. А. А.Чічановського
300 _a496 с.
955 _a0
041 _aukr
080 _a821.161.2
020 _a966-8066-28-6
260 _aК.
_bГрамота
_c2004
044 _aUA
650 7 _2UDC
999 _c315186
_d315186